तीन द्विज हिन्दू स्त्रीलिंगों का चिन्तन / (Record no. 57600)

MARC details
000 -LEADER
fixed length control field 04134 a2200361 4500
005 - DATE AND TIME OF LATEST TRANSACTION
control field 20111013123047.0
010 ## - LCCN (DPL NO)
LC control number B-449670-681
020 ## - INTERNATIONAL STANDARD BOOK NUMBER
International Standard Book Number 8181436679
Terms of availability 200.00
035 ## - SYSTEM CONTROL NUMBER
System control number B-449670-681
037 ## - SOURCE OF ACQUISITION
Source of stock number/acquisition बल्यूबेरी बुक्स
082 ## - DEWEY DECIMAL CLASSIFICATION NUMBER
Classification number 305.42
100 1# - MAIN ENTRY--PERSONAL NAME
Personal name धर्मवीर
245 1# - TITLE STATEMENT
Title तीन द्विज हिन्दू स्त्रीलिंगों का चिन्तन /
Statement of responsibility, etc धर्मवीर
246 ## - VARYING FORM OF TITLE
Title proper/short title
Remainder of title
260 ## - PUBLICATION, DISTRIBUTION, ETC. (IMPRINT)
Place of publication, distribution, etc नई दिल्ली
Name of publisher, distributor, etc वाणी प्रकाशन,
Date of publication, distribution, etc 2007
270 ## - ADDRESS
Address 21-ए,दरियागंज
City नई दिल्ली
Postal code 110002
300 ## - PHYSICAL DESCRIPTION
Extent 166पृ
Dimensions 22सेमी (सजिल्द)
490 ## - SERIES STATEMENT
Series statement मातृसत्ता, पितृसत्ता और जारसत्ता, खण्ड- दो
-- 44914
942 ## - ADDED ENTRY ELEMENTS (KOHA)
Institution code [OBSOLETE] dpl
Item type Hindi Books
Call number prefix
Source of classification or shelving scheme Dewey Decimal Classification
Call number suffix धर्मवी
Classification part 305.42
Holdings
Withdrawn status Lost status Not for loan Collection code Home library Current library Date acquired Source of acquisition Cost, normal purchase price Full call number Barcode Copy number Cost, replacement price Koha item type
      Non-fiction Central Jail Tihar Central Jail Tihar 06/02/2012 बलूबेरी बुक्स/7044/29.9.11/09/15.9.11/11.11.11 200.00 305.42 धर्मवी B-449676 1 200.00 Hindi Books
      Non-fiction Central Library Central Library 06/02/2012 बलूबेरी बुक्स/7044/29.9.11/09/15.9.11/11.11.11 200.00 305.42 धर्मवी B-449670 2 200.00 Hindi Books
      Non-fiction Central Library Central Library 06/02/2012 बलूबेरी बुक्स/7044/29.9.11/09/15.9.11/11.11.11 200.00 305.42 धर्मवी B-449671 2 200.00 Hindi Books
      Non-fiction Janak Puri Janak Puri 06/02/2012 बलूबेरी बुक्स/7044/29.9.11/09/15.9.11/11.11.11 200.00 305.42 धर्मवी B-449677 1 200.00 Hindi Books
      Non-fiction Karol Bagh Karol Bagh 06/02/2012 बलूबेरी बुक्स/7044/29.9.11/09/15.9.11/11.11.11 200.00 305.42 धर्मवी B-449679 1 200.00 Hindi Books
      Non-fiction Kasturba Gandhi Marg Kasturba Gandhi Marg 06/02/2012 बलूबेरी बुक्स/7044/29.9.11/09/15.9.11/11.11.11 200.00 305.42 धर्मवी B-449673 1 200.00 Hindi Books
      Non-fiction Narela Narela 06/02/2012 बलूबेरी बुक्स/7044/29.9.11/09/15.9.11/11.11.11 200.00 305.42 धर्मवी B-449680 1 200.00 Hindi Books
      Non-fiction Narela Narela 06/02/2012 बलूबेरी बुक्स/7044/29.9.11/09/15.9.11/11.11.11 200.00 305.42 धर्मवी B-449681 1 200.00 Hindi Books
      Non-fiction Patel Nagar Patel Nagar 06/02/2012 बलूबेरी बुक्स/7044/29.9.11/09/15.9.11/11.11.11 200.00 305.42 धर्मवी B-449672 1 200.00 Hindi Books
      Non-fiction Peshwa Road Peshwa Road 06/02/2012 बलूबेरी बुक्स/7044/29.9.11/09/15.9.11/11.11.11 200.00 305.42 धर्मवी B-449674 1 200.00 Hindi Books
      Non-fiction Sarojini Nagar Sarojini Nagar 06/02/2012 बलूबेरी बुक्स/7044/29.9.11/09/15.9.11/11.11.11 200.00 305.42 धर्मवी B-449678 1 200.00 Hindi Books
      Non-fiction Tri Nagar Tri Nagar 06/02/2012 बलूबेरी बुक्स/7044/29.9.11/09/15.9.11/11.11.11 200.00 305.42 धर्मवी B-449675 1 200.00 Hindi Books

© Delhi Public Library
Hit Counter
free hit counter